[Event "SVK Amateur-ch 2020"]
[Site "Topolcany"]
[Date "2020.07.11"]
[Round "3.29"]
[White "Kubrican, Anton"]
[Black "Bodnar, Zoltan"]
[Result "1-0"]
[WhiteElo "1861"]
[BlackElo "2150"]
[Annotator "ChessBase"]
[PlyCount "47"]
[EventDate "2020.07.10"]
[EventType "swiss"]
[EventCountry "SVK"]
[SourceTitle "playchess.com"]
[Source "ChessBase"]
[SourceQuality "1"]
[TimeControl "3600+30"]

1. g3 {[%emt 0:00:00]} d5 {[%emt 0:00:00]} 2. Bg2 {[%emt 0:00:00]} c5 {[%emt 0:00:08]} 3. d3 {[%emt 0:00:00]} Nc6 {[%emt 0:00:15]} 4. Nc3 {[%emt 0:01:32]} Nf6 {[%emt 0:00:24]} 5. e4 {[%emt 0:00:28]} dxe4 {[%emt 0:00:44]} 6. Nxe4 {[%emt 0:00:14]} Nxe4 {[%emt 0:00:27]} 7. Bxe4 {[%emt 0:00:14]} g6 {[%emt 0:05:05]} 8. Ne2 {[%emt 0:01:59]} Bg4 {[%emt 0:03:05]} 9. h3 {[%emt 0:00:49]} Bc8 {[%emt 0:04:13]} 10. Bg2 {[%emt 0:04:34]} Bg7 {[%emt 0:01:07]} 11. O-O {[%emt 0:00:09]} O-O {[%emt 0:00:10]} 12. Nc3 {[%emt 0:00:58]} e5 {[%emt 0:08:53]} 13. Be3 {[%emt 0:04:13]} Nd4 {[%emt 0:00:51]} 14. Ne4 {[%emt 0:03:20]} Qc7 {[%emt 0:08:18]} 15. c3 {[%emt 0:15:33]} Ne6 {[%emt 0:00:29]} 16. Qb3 {[%emt 0:00:11]} Rd8 {[%emt 0:15:05]} 17. Rad1 {[%emt 0:01:05]} a5 {[%emt 0:00:06]} 18. c4 {[%emt 0:05:34]} f5 {[%emt 0:09:58]} 19. Nc3 {[%emt 0:05:27]} f4 {[%emt 0:00:24]} 20. Nd5 {[%emt 0:00:25]} Qf7 {[%emt 0:00:10]} 21. Nb6 {[%emt 0:04:14]} Ra6 {[%emt 0:05:04]} 22. Nxc8 {[%emt 0:01:13]} Rxc8 {[%emt 0:00:01]} 23. Qxb7 {[%emt 0:01:03]} fxe3 24. Qxc8+ 1-0

[Event "SVK Amateur-ch 2020"]
[Site "Topolcany"]
[Date "2020.07.11"]
[Round "3.30"]
[White "Pejko, Otomar"]
[Black "Juan Lepp, Jaime Boris"]
[Result "1-0"]
[WhiteElo "2138"]
[BlackElo "1853"]
[Annotator "ChessBase"]
[PlyCount "99"]
[EventDate "2020.07.10"]
[EventType "swiss"]
[EventCountry "SVK"]
[SourceTitle "playchess.com"]
[Source "ChessBase"]
[SourceQuality "1"]
[TimeControl "3600+30"]

1. Nf3 {[%emt 0:00:00]} d5 {[%emt 0:00:00]} 2. e4 {[%emt 0:00:44]} dxe4 {[%emt 0:00:00]} 3. Ng5 {[%emt 0:00:02]} e5 {[%emt 0:00:15]} 4. Nxe4 {[%emt 0:00:47]} Nc6 {[%emt 0:00:42]} 5. Bc4 {[%emt 0:00:34]} Be7 {[%emt 0:04:47]} 6. Nbc3 {[%emt 0:01:34]} Nf6 {[%emt 0:00:38]} 7. O-O {[%emt 0:03:20]} O-O {[%emt 0:01:32]} 8. a3 {[%emt 0:03:09]} Bf5 {[%emt 0:02:01]} 9. d3 {[%emt 0:06:14]} Nxe4 {[%emt 0:02:03]} 10. Nxe4 {[%emt 0:00:07]} Bxe4 {[%emt 0:06:09]} 11. dxe4 {[%emt 0:00:04]} Qxd1 {[%emt 0:03:02]} 12. Rxd1 {[%emt 0:00:02]} Rfd8 {[%emt 0:06:25]} 13. Be3 {[%emt 0:07:50]} Rxd1+ {[%emt 0:02:19]} 14. Rxd1 {[%emt 0:00:03]} Rd8 {[%emt 0:00:02]} 15. Rxd8+ {[%emt 0:02:10]} Nxd8 {[%emt 0:01:07]} 16. Bxa7 {[%emt 0:07:06]} b6 {[%emt 0:00:38]} 17. Bd5 {[%emt 0:00:05]} Ne6 {[%emt 0:02:35]} 18. Bxe6 {[%emt 0:08:07]} fxe6 {[%emt 0:00:01]} 19. c3 {[%emt 0:00:33]} Kf8 {[%emt 0:00:39]} 20. a4 {[%emt 0:00:06]} Ke8 {[%emt 0:00:18]} 21. b4 {[%emt 0:01:03]} Kd7 {[%emt 0:00:49]} 22. a5 {[%emt 0:00:06]} Kc6 {[%emt 0:01:48]} 23. a6 {[%emt 0:15:12]} Kb5 {[%emt 0:01:25]} 24. Bb8 {[%emt 0:00:02]} Kxa6 {[%emt 0:00:10]} 25. Bxc7 {[%emt 0:00:02]} Bf6 {[%emt 0:00:31]} 26. Kf1 {[%emt 0:02:49]} Kb7 {[%emt 0:03:41]} 27. Bd6 {[%emt 0:00:34]} Kc6 {[%emt 0:00:38]} 28. Bf8 {[%emt 0:00:07]} Kb5 {[%emt 0:00:37]} 29. Ke2 {[%emt 0:03:45]} Kc4 {[%emt 0:00:38]} 30. Kd2 {[%emt 0:00:02]} h5 {[%emt 0:00:54]} 31. f3 {[%emt 0:01:42]} g6 {[%emt 0:01:25]} 32. Bh6 {[%emt 0:00:43]} b5 {[%emt 0:00:24]} 33. Bf8 {[%emt 0:01:36]} Bg5+ {[%emt 0:00:33]} 34. Kc2 {[%emt 0:00:05]} Bf6 {[%emt 0:00:23]} 35. Bd6 {[%emt 0:00:24]} Bg7 {[%emt 0:00:51]} 36. g4 {[%emt 0:00:38]} Bf6 {[%emt 0:02:05]} 37. h3 {[%emt 0:00:09]} hxg4 38. fxg4 {[%emt 0:00:20]} g5 {[%emt 0:02:28]} 39. Kd2 {[%emt 0:00:55]} Bd8 {[%emt 0:00:43]} 40. Bxe5 {[%emt 0:00:14]} Be7 {[%emt 0:00:10]} 41. Bg7 {[%emt 0:00:36]} Bd8 {[%emt 0:01:33]} 42. e5 {[%emt 0:03:53]} Kd5 {[%emt 0:00:59]} 43. Bf6 {[%emt 0:00:26]} Bb6 {[%emt 0:00:54]} 44. Kd3 {[%emt 0:00:31]} Bf2 {[%emt 0:00:29]} 45. Bxg5 {[%emt 0:00:12]} Kxe5 {[%emt 0:00:06]} 46. Be3 {[%emt 0:00:23]} Bg3 {[%emt 0:00:23]} 47. c4 {[%emt 0:00:59]} bxc4+ {[%emt 0:00:10]} 48. Kxc4 {[%emt 0:00:01]} Kd6 {[%emt 0:00:15]} 49. b5 {[%emt 0:00:21]} Be5 {[%emt 0:01:00]} 50. h4 1-0

[Event "SVK Amateur-ch 2020"]
[Site "Topolcany"]
[Date "2020.07.11"]
[Round "3.31"]
[White "Marsina, Stefan"]
[Black "Bielik, Miroslav"]
[Result "1-0"]
[WhiteElo "1829"]
[BlackElo "2133"]
[Annotator "ChessBase"]
[PlyCount "69"]
[EventDate "2020.07.10"]
[EventType "swiss"]
[EventCountry "SVK"]
[SourceTitle "playchess.com"]
[Source "ChessBase"]
[SourceQuality "1"]
[TimeControl "3600+30"]

1. c4 {[%emt 0:00:00]} e6 {[%emt 0:00:01]} 2. d4 {[%emt 0:00:19]} d5 {[%emt 0:00:04]} 3. Nc3 {[%emt 0:00:48]} c6 {[%emt 0:00:05]} 4. cxd5 {[%emt 0:04:17]} exd5 {[%emt 0:00:08]} 5. Nf3 {[%emt 0:00:47]} Bf5 {[%emt 0:00:14]} 6. e3 {[%emt 0:00:24]} Nd7 {[%emt 0:00:14]} 7. Bd3 {[%emt 0:00:11]} Bxd3 {[%emt 0:00:39]} 8. Qxd3 {[%emt 0:00:02]} Ngf6 {[%emt 0:00:09]} 9. O-O {[%emt 0:01:14]} Bb4 {[%emt 0:00:24]} 10. Bd2 {[%emt 0:02:30]} O-O {[%emt 0:00:06]} 11. a3 {[%emt 0:02:12]} Bd6 {[%emt 0:01:09]} 12. b4 {[%emt 0:01:59]} Qe7 {[%emt 0:01:20]} 13. b5 {[%emt 0:14:03]} Nb6 {[%emt 0:10:20]} 14. a4 {[%emt 0:07:50]} Ne4 {[%emt 0:08:23]} 15. Rfb1 {[%emt 0:08:27]} f5 {[%emt 0:06:45]} 16. a5 {[%emt 0:02:05]} Nc4 {[%emt 0:00:46]} 17. a6 {[%emt 0:00:23]} Na3 {[%emt 0:03:25]} 18. Rxa3 {[%emt 0:11:14]} Bxa3 {[%emt 0:00:52]} 19. axb7 {[%emt 0:01:05]} Qxb7 {[%emt 0:00:43]} 20. bxc6 {[%emt 0:00:09]} Qxc6 {[%emt 0:00:12]} 21. Ne5 {[%emt 0:00:20]} Qd6 {[%emt 0:02:15]} 22. Nb5 {[%emt 0:00:29]} Qa6 {[%emt 0:00:16]} 23. Be1 {[%emt 0:03:22]} Be7 {[%emt 0:03:04]} 24. Qb3 {[%emt 0:01:20]} Qb7 {[%emt 0:01:26]} 25. f3 {[%emt 0:04:08]} Nf6 {[%emt 0:00:16]} 26. Qd3 {[%emt 0:00:11]} g6 {[%emt 0:01:49]} 27. Ba5 {[%emt 0:00:47]} Rab8 {[%emt 0:03:25]} 28. Nc3 {[%emt 0:00:37]} Qc8 {[%emt 0:00:16]} 29. Rxb8 {[%emt 0:01:29]} Qxb8 {[%emt 0:00:02]} 30. Qa6 {[%emt 0:01:15]} Bd6 {[%emt 0:05:44]} 31. Nc6 Qc8 32. Qb5 {[%emt 0:00:59]} Qd7 {[%emt 0:00:01]} 33. Nxd5 {[%emt 0:00:56]} Bxh2+ {[%emt 0:00:19]} 34. Kxh2 {[%emt 0:00:02]} Qxd5 {[%emt 0:00:10]} 35. Ne7+ {[%emt 0:00:04]} 1-0

[Event "SVK Amateur-ch 2020"]
[Site "Topolcany"]
[Date "2020.07.11"]
[Round "3.32"]
[White "Gyurika, Tamas"]
[Black "Nikanova, Ekaterina"]
[Result "0-1"]
[WhiteElo "1851"]
[BlackElo "2116"]
[Annotator "ChessBase"]
[PlyCount "42"]
[EventDate "2020.07.10"]
[EventType "swiss"]
[EventCountry "SVK"]
[SourceTitle "playchess.com"]
[Source "ChessBase"]
[SourceQuality "1"]
[TimeControl "3600+30"]

1. e4 {[%emt 0:00:00]} c5 {[%emt 0:00:00]} 2. Nc3 {[%emt 0:00:00]} g6 {[%emt 0:00:00]} 3. f4 {[%emt 0:00:00]} Bg7 {[%emt 0:00:00]} 4. Nf3 {[%emt 0:00:04]} Nc6 {[%emt 0:00:00]} 5. Bc4 {[%emt 0:00:07]} e6 {[%emt 0:00:38]} 6. O-O {[%emt 0:00:16]} Nge7 {[%emt 0:00:09]} 7. d3 {[%emt 0:00:11]} O-O {[%emt 0:00:05]} 8. Qe1 {[%emt 0:00:05]} Nd4 {[%emt 0:04:44]} 9. f5 {[%emt 0:02:22]} Nec6 {[%emt 0:15:03]} 10. Qg3 {[%emt 0:02:55]} d5 {[%emt 0:12:16]} 11. f6 {[%emt 0:15:54]} Bxf6 {[%emt 0:04:28]} 12. exd5 {[%emt 0:00:30]} Nxf3+ {[%emt 0:02:31]} 13. Rxf3 {[%emt 0:03:31]} Bh4 {[%emt 0:07:50]} 14. Qf4 {[%emt 0:08:29]} e5 {[%emt 0:00:26]} 15. Qxf7+ {[%emt 0:04:53]} Rxf7 {[%emt 0:00:47]} 16. dxc6 {[%emt 0:00:16]} Bf5 {[%emt 0:05:06]} 17. Bh6 {[%emt 0:01:12]} bxc6 {[%emt 0:02:34]} 18. Ne4 {[%emt 0:01:13]} Qd4+ {[%emt 0:02:19]} 19. Re3 {[%emt 0:02:24]} Bxe4 {[%emt 0:03:25]} 20. Bxf7+ {[%emt 0:01:32]} Kxf7 {[%emt 0:00:03]} 21. dxe4 {[%emt 0:00:09]} g5 {[%emt 0:00:19]} 0-1

[Event "SVK Amateur-ch 2020"]
[Site "Topolcany"]
[Date "2020.07.12"]
[Round "4.1"]
[White "Wisniewski, Michal"]
[Black "Varga, Marcell"]
[Result "1-0"]
[WhiteElo "2127"]
[BlackElo "2150"]
[Annotator "TA"]
[PlyCount "59"]
[EventDate "2020.07.10"]
[EventType "swiss"]
[EventCountry "SVK"]
[SourceTitle "playchess.com"]
[Source "ChessBase"]
[SourceQuality "1"]

{[%evp 9,59,-1,0,-13,-8,0,27,35,33,37,60,22,38,11,52,10,50,58,108,67,75,77,122,146,256,79,97,77,187,187,227,195,173,181,189,177,308,158,378,379,470,474,492,485,586,562,812,777,1187,1176,1105,1074]} 1. Nf3 c5 2. b3 Nc6 3. Bb2 Nf6 4. e3 g6 5. g3 Bg7 6. Bg2 {A05: Réti Opening: 1 Nf3 Nf6.} O-O 7. O-O Qc7 8. c4 {White has an edge.} a6 9. Nc3 Rb8 10. Qe2 d6 11. Rfd1 Bd7 12. Rac1 {[#]} e6 $146 ({Predecessor:} 12... Rfc8 13. d4 cxd4 14. exd4 e6 15. d5 Ne7 16. dxe6 fxe6 17. Ba3 Nf5 18. Ng5 Re8 {0-1 (66) Barre,M (1932)-Johnson Constantin,M (1719) Laval 2015}) 13. d4 Rfc8 14. d5 Ne7 15. dxe6 fxe6 16. Ng5 h6 (16... Nf5 $16) 17. Nge4 $2 {[#]} (17. Nce4 $18 {and the rest is easy.} Nxe4 18. Nxe4) 17... Ne8 $16 18. Qd2 {[%cal Re4d6]} Bc6 (18... Nf5 $16 {might work better.}) 19. Nxd6 $18 Bxg2 20. Nxe8 ({Inferior is} 20. Kxg2 Rd8 $17) 20... Rxe8 21. Kxg2 Rbd8 22. Qc2 $36 {[%mdl 2048] White has strong initiative.} b5 (22... Qc6+ $142 23. f3 Nf5) 23. Qe4 ({Don't play} 23. cxb5 Rxd1 24. Nxd1 axb5 $18) (23. Ne4 $18) 23... Nf5 $2 {Loses the game.} (23... Qc6 $16 {was called for.}) 24. cxb5 axb5 25. Nxb5 {White is clearly winning.} Qa5 26. Bxg7 {Bc3 is the strong threat.} Kxg7 27. a4 Rd2 {[#]} 28. b4 $1 {[%cal Bb3b4,Bb4a5,Ba5a6][%mdl 32]} Rxd1 (28... Qxb4 29. Qxb4) 29. bxa5 Rxc1 30. a6 {Accuracy: White = 61%, Black = 26%.} 1-0

[Event "SVK Amateur-ch 2020"]
[Site "Topolcany"]
[Date "2020.07.13"]
[Round "4.1"]
[White "Bakalar, Jan"]
[Black "Panko, Radoslav"]
[Result "0-1"]
[WhiteElo "1900"]
[BlackElo "2031"]
[Annotator "ChessBase"]
[PlyCount "130"]
[EventDate "2020.07.10"]
[EventType "swiss"]
[EventCountry "SVK"]
[TimeControl "3600+30"]

1. d4 {[%emt 0:00:00]} e6 {[%emt 0:00:10]} 2. Nf3 {[%emt 0:00:54]} f5 {[%emt 0:00:19]} 3. g3 {[%emt 0:01:08]} Nf6 {[%emt 0:00:09]} 4. Bg2 {[%emt 0:00:17]} Be7 {[%emt 0:00:47]} 5. O-O {[%emt 0:00:11]} O-O {[%emt 0:00:07]} 6. c4 {[%emt 0:02:08]} d6 {[%emt 0:00:14]} 7. Nc3 {[%emt 0:00:33]} Qe8 {[%emt 0:00:58]} 8. h3 {[%emt 0:02:56]} Ne4 {[%emt 0:12:01]} 9. Qd3 {[%emt 0:04:36]} Nxc3 {[%emt 0:00:41]} 10. bxc3 {[%emt 0:00:38]} Nc6 {[%emt 0:12:10]} 11. e4 {[%emt 0:09:20]} Qh5 {[%emt 0:16:35]} 12. exf5 {[%emt 0:07:23]} Qxf5 {[%emt 0:01:41]} 13. Qxf5 {[%emt 0:00:37]} Rxf5 {[%emt 0:01:16]} 14. Be3 {[%emt 0:01:49]} Bd7 {[%emt 0:01:37]} 15. Nd2 {[%emt 0:02:36]} Raf8 {[%emt 0:01:54]} 16. g4 {[%emt 0:05:12]} Ra5 {[%emt 0:03:02]} 17. f4 {[%emt 0:01:45]} Ra3 {[%emt 0:01:59]} 18. Nb3 {[%emt 0:01:37]} Na5 {[%emt 0:02:08]} 19. Nxa5 {[%emt 0:02:58]} Rxa5 {[%emt 0:02:11]} 20. Rfb1 {[%emt 0:06:24]} b6 {[%emt 0:00:17]} 21. Bd2 {[%emt 0:00:42]} g5 {[%emt 0:06:08]} 22. fxg5 {[%emt 0:03:46]} Bxg5 {[%emt 0:00:02]} 23. Bxg5 {[%emt 0:00:21]} Rxg5 {[%emt 0:00:02]} 24. Rf1 {[%emt 0:00:16]} h5 {[%emt 0:02:22]} 25. Rxf8+ {[%emt 0:02:31]} Kxf8 {[%emt 0:00:01]} 26. Rf1+ {[%emt 0:01:09]} Kg7 {[%emt 0:00:35]} 27. gxh5 {[%emt 0:00:54]} Rxh5 {[%emt 0:01:41]} 28. Re1 {[%emt 0:02:05]} Ra5 {[%emt 0:00:58]} 29. Re2 {[%emt 0:00:55]} Ra3 {[%emt 0:00:06]} 30. Rc2 {[%emt 0:00:57]} Ba4 {[%emt 0:00:34]} 31. Re2 {[%emt 0:00:20]} Rxc3 {[%emt 0:00:42]} 32. Rxe6 {[%emt 0:00:34]} Rxc4 {[%emt 0:00:08]} 33. Re4 {[%emt 0:01:28]} Rc2 {[%emt 0:01:26]} 34. Rg4+ {[%emt 0:00:22]} Kf6 {[%emt 0:00:43]} 35. Rf4+ {[%emt 0:01:00]} Ke7 {[%emt 0:01:00]} 36. Bd5 {[%emt 0:00:49]} Be8 {[%emt 0:00:40]} 37. Bb3 {[%emt 0:00:29]} Re2 {[%emt 0:00:12]} 38. Kf1 {[%emt 0:01:08]} Rh2 {[%emt 0:00:33]} 39. h4 {[%emt 0:00:24]} c5 {[%emt 0:00:40]} 40. Re4+ {[%emt 0:00:56]} Kd8 {[%emt 0:00:25]} 41. Re6 {[%emt 0:00:59]} Rxh4 {[%emt 0:00:31]} 42. Rxd6+ {[%emt 0:00:14]} Kc7 {[%emt 0:00:12]} 43. dxc5 {[%emt 0:00:07]} bxc5 {[%emt 0:00:10]} 44. Re6 {[%emt 0:00:43]} Bb5+ {[%emt 0:00:26]} 45. Kg1 {[%emt 0:01:09]} c4 {[%emt 0:01:09]} 46. Bc2 {[%emt 0:00:30]} Bc6 {[%emt 0:00:34]} 47. Re2 {[%emt 0:02:26]} Kd6 {[%emt 0:00:38]} 48. Kf2 {[%emt 0:00:28]} Kc5 {[%emt 0:00:29]} 49. Ke1 {[%emt 0:01:13]} Rd4 {[%emt 0:00:36]} 50. a3 {[%emt 0:00:25]} c3 {[%emt 0:00:27]} 51. Re5+ {[%emt 0:00:34]} Bd5 {[%emt 0:00:24]} 52. Re7 {[%emt 0:00:36]} Rd2 {[%emt 0:00:29]} 53. Rc7+ {[%emt 0:00:32]} Kd4 {[%emt 0:00:15]} 54. Ba4 {[%emt 0:00:18]} Ra2 {[%emt 0:00:49]} 55. Rd7 {[%emt 0:01:07]} Rxa3 {[%emt 0:00:35]} 56. Bc6 {[%emt 0:00:15]} Ra5 {[%emt 0:00:22]} 57. Bxd5 {[%emt 0:00:12]} Rxd5 {[%emt 0:00:05]} 58. Rxa7 {[%emt 0:00:06]} Kc4 {[%emt 0:00:09]} 59. Rc7+ {[%emt 0:00:36]} Kb3 {[%emt 0:00:04]} 60. Rb7+ {[%emt 0:00:13]} Kc2 {[%emt 0:00:05]} 61. Re7 {[%emt 0:00:30]} Kc1 {[%emt 0:00:21]} 62. Re6 {[%emt 0:00:26]} c2 {[%emt 0:00:16]} 63. Re8 {[%emt 0:00:12]} Rb5 {[%emt 0:00:13]} 64. Rc8 {[%emt 0:01:36]} Kb1 {[%emt 0:00:41]} 65. Kd2 {[%emt 0:00:25]} Rd5+ {[%emt 0:00:09]} 0-1

[Event "SVK Amateur-ch 2020"]
[Site "Topolcany"]
[Date "2020.07.12"]
[Round "4.2"]
[White "Fenik, Jozef ml."]
[Black "Gromovs, Sergejs"]
[Result "1-0"]
[WhiteElo "2100"]
[BlackElo "2131"]
[Annotator "TA"]
[PlyCount "149"]
[EventDate "2020.07.10"]
[EventType "swiss"]
[EventCountry "SVK"]
[SourceTitle "playchess.com"]
[Source "ChessBase"]
[SourceQuality "1"]

{[%evp 12,149,7,0,12,0,41,0,2,0,4,-25,-14,-27,-25,-12,0,0,0,0,0,-20,16,0,69,79,76,75,88,85,89,75,166,171,165,191,166,146,127,31,37,31,32,32,37,31,37,25,40,16,16,16,18,17,18,18,18,16,16,16,16,11,16,8,8,8,8,8,8,0,0,0,0,0,8,8,8,3,25,9,178,178,178,12,12,12,12,8,8,8,28,8,8,8,8,8,8,8,21,20,91,21,21,21,21,21,21,21,21,21,21,21,21,21,21,21,29960,29961,29960,29959,29962,29959,29964,29965,29967,29968,29969,29966,29965,29963,29977,29978,29977,29961,29958,8457,29973,4629,29989,29990]} 1. e4 c5 2. Nf3 d6 3. d4 cxd4 4. Nxd4 Nf6 5. Nc3 a6 6. h3 e5 7. Nb3 Be6 {B90: Sicilian Najdorf: Unusual White 6th moves, 6 Be3 Ng4 and 6 Be3 e5.} 8. g4 Be7 9. Bg2 (9. g5 $5 {[%cal Rg5f6]} Nfd7 10. h4 $11) 9... O-O {The position is equal.} 10. Be3 {[#]} b5 $146 ({Predecessor:} 10... Nc6 11. Qd2 Na5 12. Nxa5 Qxa5 13. O-O Qc7 14. g5 Nd7 15. Nd5 Bxd5 16. exd5 Rac8 {0-1 (61) Manco,D (1926)-Gopal,K (1840) El Prat de Llobregat 2019}) 11. g5 Nfd7 12. Qd2 Nb6 13. Na5 Qc7 14. Nd5 $36 {[%mdl 2048] White is pushing.} Nxd5 15. exd5 Bf5 16. Rc1 f6 (16... Bd8 $5 {[%cal Rc7a5]} 17. Nc6 Nxc6 18. dxc6 Rc8 $11) 17. c4 {cxb5 is the strong threat.} b4 (17... Bd8 $11 18. Nc6 Nxc6 19. cxb5 axb5) 18. Qxb4 $14 Nd7 19. Nc6 Nc5 20. Bxc5 dxc5 21. Qa5 Qd7 (21... Qxa5+ $16 22. Nxa5 e4) 22. b4 $18 cxb4 23. Nxe7+ Qxe7 {[#]} 24. d6 $1 {[%mdl 576] Decoy} Qxd6 {[#]} 25. Qd5+ ({Don't do} 25. Bxa8 $6 Rxa8 26. Qd5+ Qxd5 $14) (25. Rd1 $1 $16 {[%cal Rd1d6]} Qb8 26. Qd5+ Kh8 27. Qxa8 Qxa8 28. Bxa8 Rxa8 29. gxf6) 25... Qe6 $14 26. Qxe6+ Bxe6 27. Bxa8 Rxa8 28. gxf6 gxf6 {[%mdl 4096] Endgame KRR-KRB} 29. Rg1+ Kf7 30. Rg3 Rc8 31. a3 bxa3 $1 32. Rxa3 Rxc4 33. Rxc4 Bxc4 $11 {KR-KB} 34. Rc3 Bb5 35. Rc7+ Kg6 $1 36. Kd2 h5 37. Ke3 Kg5 38. Kf3 f5 39. Rg7+ Kh4 40. Re7 Bc6+ 41. Ke2 e4 42. Rf7 Kg5 43. Ke3 Bd5 44. Rg7+ Kf6 45. Rh7 {Hoping for Kf4.} Ke5 $2 (45... Kg5 $1 $11) 46. Rxh5 $18 a5 47. Rg5 $2 (47. Rh7 $18) 47... a4 $11 48. h4 a3 49. Rg1 f4+ 50. Kd2 {Black must now prevent h5.} Bf7 51. Kc3 {aiming for h5!} a2 52. Rg5+ Kf6 53. Ra5 Bd5 54. h5 Kg7 55. Kb2 Bf7 {[#]} (55... Bg8 $1 $11) 56. Rf5 ({White should try} 56. Rg5+ $1 $16 Kh6 57. Rf5 {[%mdl 64] Double Attack} Bxh5 58. Rxf4) 56... e3 {Threatens to win with ...e2.} 57. h6+ Kg6 {And now ...e2 would win.} 58. h7 e2 59. Re5 Kxh7 60. Rxe2 {Strongly threatening Re4.} Kg6 61. Re5 Kf6 62. Ra5 f3 63. Kc3 Ke6 $2 {[%mdl 8192]} (63... Ke7 $11) 64. Rxa2 Ke5 65. Ra4 Be8 66. Rb4 Bc6 67. Kd2 Kf5 68. Ke3 Ke5 69. Rh4 Kf5 70. Rh8 Ke5 71. Rh5+ Kd6 72. Kd4 Ke7 73. Ke5 (73. Rh7+ $142 Kf8 74. Rc7 Ba4 75. Ke4 Bd1 76. Rc3 Kf7 77. Rxf3+ Ke6 78. Rc3) 73... Kf7 74. Rh6 Ba8 75. Ra6 {Accuracy: White = 87%, Black = 70%.} 1-0

[Event "SVK Amateur-ch 2020"]
[Site "Topolcany"]
[Date "2020.07.13"]
[Round "4.2"]
[White "Skrinar, Marek"]
[Black "Vargyas, Zoltan"]
[Result "0-1"]
[WhiteElo "1668"]
[BlackElo "2023"]
[Annotator "TA"]
[PlyCount "108"]
[EventDate "2020.07.10"]
[EventType "swiss"]
[EventCountry "SVK"]

{[%evp 14,108,10,0,0,-29,-18,-66,-70,-117,-91,-143,-115,-120,-122,-118,-120,-139,-121,-135,-139,-132,-124,-139,-137,-277,-134,-141,-137,-153,-155,-147,-154,-176,-137,-151,-150,-142,-133,-131,-89,-117,-93,-88,-85,-531,-508,-519,-519,-508,-460,-448,-406,-462,-339,-336,-335,-350,-331,-383,-379,-411,-375,-386,-402,-426,-414,-508,-497,-708,-694,-670,-670,-718,-412,-402,-387,-369,-411,-719,-670,-713,-663,-817,-813,-1300,-967,-975,-1002,-1175,-1319,-1308,-1211,-1284,-1209,-1796,-1776]} 1. Nf3 Nf6 2. d4 e6 3. c4 d5 4. e3 c5 5. Nc3 Nc6 6. cxd5 exd5 7. Be2 {7.Bb5 gains popularity. Played by Liren Ding in June 2020.} a6 {[%cal Ba7a6,Ba6a5][%mdl 32]} 8. a3 c4 {D40: Queen's Gambit Declined: Semi-Tarrasch with 5 e3.} 9. O-O Bd6 {[#]} 10. h3 $146 ({Predecessor:} 10. e4 dxe4 11. Ng5 Bf5 12. Bxc4 O-O 13. Re1 Bc7 14. Ngxe4 Nxe4 15. Nxe4 Qxd4 16. Qxd4 Nxd4 {½-½ (38) Nigalidze,G (2542)-Borisek,J (2569) Tromsoe 2014}) 10... O-O {Black is slightly better.} 11. Bd2 b5 {[%cal Bb7b5,Bb5b4][%mdl 32]} 12. Na2 (12. Qe1 $142) 12... a5 13. Qc1 Qe7 14. Nc3 Rb8 15. a4 b4 16. Nb5 Rb6 17. Nxd6 Qxd6 18. Be1 Re8 19. Nd2 {[#]} (19. Qd1 $17 {keeps fighting.}) 19... Ba6 (19... Nxd4 $1 $19 {[%mdl 512] is more deadly.} 20. Bxc4 (20. exd4 Rxe2) 20... Rc6 {[%mdl 64] Pin} 21. exd4 Ba6 {[%mdl 64] Pin}) 20. Nf3 $17 Ne4 21. Nh2 f5 22. Qc2 g6 23. Kh1 Qe7 24. g3 Kg7 25. Kg2 h5 26. Nf3 Bc8 27. Rh1 Bd7 28. h4 Nf6 29. Nh2 $2 {[%mdl 8192] [#]} (29. Qd1 $17) 29... Nxd4 $1 $19 {[%mdl 576] Pin} 30. Qd1 (30. exd4 Qxe2) 30... Nxe2 31. Qxe2 Bc6 32. f3 Qd7 33. Qd2 Bxa4 34. Bf2 Ra6 35. Qd4 Bc6 36. Rhc1 Qe7 37. Rd1 Qe5 38. Qd2 Kh7 39. Qe2 a4 40. Qd2 Rb8 41. g4 (41. Be1 $142) 41... c3 42. bxc3 bxc3 43. Qd3 Bb5 44. Qc2 {and if Bg3 works, White does fine.} Rc8 45. g5 Nd7 46. e4 (46. Bg3 $142 Qe6 47. Ra3) 46... fxe4 {Black is clearly winning.} 47. fxe4 dxe4 48. Bg3 Qf5 49. Rf1 Qd5 50. Rfd1 Bd3 51. Qa2 Qxa2+ 52. Rxa2 c2 53. Rc1 Nc5 54. Bf2 Nb3 {Accuracy: White = 45%, Black = 77%.} 0-1

[Event "SVK Amateur-ch 2020"]
[Site "Topolcany"]
[Date "2020.07.12"]
[Round "4.3"]
[White "Deruelle Sala, Albert"]
[Black "Kalisky, Vladimir"]
[Result "1-0"]
[WhiteElo "2078"]
[BlackElo "2136"]
[Annotator "ChessBase"]
[PlyCount "77"]
[EventDate "2020.07.10"]
[EventType "swiss"]
[EventCountry "SVK"]
[SourceTitle "playchess.com"]
[Source "ChessBase"]
[SourceQuality "1"]
[TimeControl "3600+30"]

1. d4 {[%emt 0:00:00]} Nf6 {[%emt 0:00:00]} 2. Bg5 {[%emt 0:00:00]} Ne4 {[%emt 0:00:01]} 3. h4 {[%emt 0:01:02]} d5 {[%emt 0:00:56]} 4. Nc3 {[%emt 0:01:44]} Nxc3 {[%emt 0:02:06]} 5. bxc3 {[%emt 0:00:02]} Nd7 {[%emt 0:02:11]} 6. c4 {[%emt 0:03:40]} h6 {[%emt 0:01:23]} 7. Bf4 {[%emt 0:00:15]} e6 {[%emt 0:00:24]} 8. cxd5 {[%emt 0:00:33]} exd5 {[%emt 0:00:07]} 9. Nf3 {[%emt 0:03:03]} Bb4+ {[%emt 0:00:35]} 10. Bd2 {[%emt 0:00:09]} Bd6 {[%emt 0:00:13]} 11. c4 {[%emt 0:01:55]} dxc4 {[%emt 0:02:08]} 12. e4 {[%emt 0:00:11]} b5 {[%emt 0:07:02]} 13. e5 {[%emt 0:01:51]} Ba3 {[%emt 0:04:46]} 14. Qb1 {[%emt 0:01:58]} a6 {[%emt 0:06:13]} 15. Qe4 {[%emt 0:01:00]} Nb6 {[%emt 0:03:11]} 16. Be2 {[%emt 0:01:24]} Nd5 {[%emt 0:00:56]} 17. g4 {[%emt 0:01:14]} Be6 {[%emt 0:01:19]} 18. h5 {[%emt 0:02:55]} Bb2 {[%emt 0:05:19]} 19. Rb1 {[%emt 0:02:51]} Nc3 {[%emt 0:00:49]} 20. Bxc3 {[%emt 0:00:47]} Bxc3+ {[%emt 0:00:02]} 21. Kf1 {[%emt 0:00:12]} Bd5 {[%emt 0:01:58]} 22. Qf4 {[%emt 0:00:40]} Qd7 {[%emt 0:04:23]} 23. Rh3 {[%emt 0:02:58]} O-O-O {[%emt 0:02:16]} 24. Nh4 {[%emt 0:08:43]} Bxd4 {[%emt 0:01:08]} 25. Nf5 {[%emt 0:00:14]} Bc5 {[%emt 0:04:46]} 26. Nxg7 {[%emt 0:01:54]} Qc6 {[%emt 0:03:09]} 27. Rg3 {[%emt 0:02:37]} Kb8 {[%emt 0:02:33]} 28. a4 {[%emt 0:01:10]} Be4 {[%emt 0:00:47]} 29. axb5 {[%emt 0:00:48]} axb5 {[%emt 0:00:07]} 30. Rxb5+ {[%emt 0:03:34]} Bb6 {[%emt 0:00:57]} 31. Rxb6+ {[%emt 0:01:00]} cxb6 {[%emt 0:00:07]} 32. e6+ {[%emt 0:00:21]} Kb7 {[%emt 0:00:21]} 33. Qxf7+ {[%emt 0:01:00]} Qc7 {[%emt 0:01:12]} 34. e7 {[%emt 0:01:31]} Ra8 {[%emt 0:00:45]} 35. Bxc4 {[%emt 0:00:32]} Qd7 {[%emt 0:01:23]} 36. e8=Q {[%emt 0:01:02]} Ra1+ {[%emt 0:00:36]} 37. Ke2 {[%emt 0:00:03]} Bd3+ {[%emt 0:01:25]} 38. Bxd3 {[%emt 0:02:04]} Rxe8+ {[%emt 0:00:02]} 39. Nxe8 {[%emt 0:00:38]} 1-0